000 00417nam a2200157Ia 4500
008 230917s9999||||xx |||||||||||||| ||und||
020 _cRS250
040 _e32289
_aMAIN
041 _aEnglish
082 _a005.268 M896V
100 _aMukhi, Vijay
245 0 _aVijay Mukhi's the 'C' odyssey advanced DOS-The unchartered waters
260 _aNew Delhi
_bPublications
_c1992
300 _aiv, 512 p.
942 _cBK
999 _c103872
_d103872